[Event "FICGS class C 000027 email"]
[Site "FICGS email"]
[Date "2007.02.01"]
[Round "1"]
[White "Bullerkotte, Frank"]
[Black "Jameson, Robert"]
[Result "1-0"]
[WhiteElo "1700"]
[BlackElo "1700"]
[PlyCount "23"]
[EventDate "2007.??.??"]
[EventType "tourn (corr)"]
[EventRounds "4"]
[SourceTitle "Corr 2022"]
[Source "ChessBase"]
[SourceDate "2021.10.24"]
[SourceVersion "1"]
[SourceVersionDate "2021.10.24"]
[SourceQuality "1"]

1. d4 d5 2. c4 c6 3. Nf3 Nf6 4. Nc3 e6 5. Bg5 h6 6. Bh4 dxc4 7. e4 g5 8. Bg3 b5 9. Be2 Bb7 10. h4 g4 11. Ne5 Nbd7 12. Nxg4 1-0

[Event "LSS ZH-2007-0-00072"]
[Site "LSS email"]
[Date "2007.01.30"]
[Round "?"]
[White "Jameson, Robert"]
[Black "Avellan, Gerardo"]
[Result "0-1"]
[WhiteElo "2000"]
[BlackElo "1916"]
[PlyCount "22"]
[EventDate "2007.01.26"]
[EventType "match (corr)"]
[EventRounds "2"]
[EventCountry "GER"]
[SourceTitle "Corr 2015"]
[Source "ChessBase"]
[SourceDate "2015.07.17"]
[SourceVersion "1"]
[SourceVersionDate "2015.07.17"]
[SourceQuality "1"]

1. e4 c5 2. Nf3 d6 3. d4 cxd4 4. Nxd4 Nf6 5. Nc3 g6 6. Be3 Bg7 7. f3 a6 8. Qd2 Nbd7 9. Bc4 0-0 10. h4 h5 11. 0-0-0 Qc7 0-1

[Event "FICGS W-ch st1 g25 email"]
[Site "FICGS email"]
[Date "2007.01.30"]
[Round "1"]
[White "Konig, Paul"]
[Black "Jameson, Robert"]
[Result "1-0"]
[WhiteElo "2287"]
[BlackElo "1700"]
[PlyCount "29"]
[EventDate "2007.??.??"]
[EventType "tourn (corr)"]
[EventRounds "8"]
[SourceTitle "Corr 2022"]
[Source "ChessBase"]
[SourceDate "2021.10.24"]
[SourceVersion "1"]
[SourceVersionDate "2021.10.24"]
[SourceQuality "1"]

1. c4 e5 2. Nc3 Nf6 3. Nf3 Nc6 4. g3 d5 5. cxd5 Nxd5 6. Bg2 Nb6 7. 0-0 Be7 8. d3 0-0 9. Be3 Bg4 10. a4 a5 11. h3 Be6 12. Rc1 Qd7 13. Kh2 f6 14. Nd2 Rad8 15. Nce4 1-0

[Event "LSS ZH-2007-0-00072"]
[Site "LSS email"]
[Date "2007.01.29"]
[Round "?"]
[White "Avellan, Gerardo"]
[Black "Jameson, Robert"]
[Result "1-0"]
[WhiteElo "1916"]
[BlackElo "2000"]
[PlyCount "23"]
[EventDate "2007.01.26"]
[EventType "match (corr)"]
[EventRounds "2"]
[EventCountry "GER"]
[SourceTitle "Corr 2015"]
[Source "ChessBase"]
[SourceDate "2015.07.17"]
[SourceVersion "1"]
[SourceVersionDate "2015.07.17"]
[SourceQuality "1"]

1. e4 e5 2. Nf3 Nc6 3. d4 exd4 4. Nxd4 Bc5 5. Nxc6 Qf6 6. Qf3 Qxf3 7. gxf3 bxc6 8. Rg1 Ne7 9. Rxg7 Ng6 10. Bh6 Bf8 11. Nd2 Ne7 12. 0-0-0 1-0

[Event "FICGS class C 000025 email"]
[Site "FICGS email"]
[Date "2007.01.12"]
[Round "1"]
[White "Jameson, Robert"]
[Black "Josse, Mark"]
[Result "1/2-1/2"]
[WhiteElo "1700"]
[BlackElo "1764"]
[PlyCount "49"]
[EventDate "2007.??.??"]
[EventType "tourn (corr)"]
[EventRounds "4"]
[SourceTitle "Corr 2022"]
[Source "ChessBase"]
[SourceDate "2021.10.24"]
[SourceVersion "1"]
[SourceVersionDate "2021.10.24"]
[SourceQuality "1"]

1. e4 e5 2. Nf3 Nc6 3. Bb5 a6 4. Ba4 Nf6 5. 0-0 Be7 6. Re1 b5 7. Bb3 d6 8. c3 0-0 9. h3 Na5 10. Bc2 c5 11. d4 Nd7 12. Nbd2 exd4 13. cxd4 Nc6 14. d5 Nce5 15. Nxe5 Nxe5 16. a4 Bb7 17. f4 Nd7 18. Nf3 Re8 19. Bd2 Bf6 20. Ra2 g6 21. Kh1 b4 22. a5 Bg7 23. b3 Qc7 24. Bd3 Rac8 25. Bc1 1/2-1/2

[Event "FICGS class C 000025 email"]
[Site "FICGS email"]
[Date "2007.01.12"]
[Round "1"]
[White "Pech, Jaroslav Sr"]
[Black "Jameson, Robert"]
[Result "0-1"]
[WhiteElo "1929"]
[BlackElo "1700"]
[PlyCount "20"]
[EventDate "2007.??.??"]
[EventType "tourn (corr)"]
[EventRounds "4"]
[SourceTitle "Corr 2022"]
[Source "ChessBase"]
[SourceDate "2021.10.24"]
[SourceVersion "1"]
[SourceVersionDate "2021.10.24"]
[SourceQuality "1"]

1. e4 e5 2. Nf3 Nc6 3. Bb5 a6 4. Ba4 Nf6 5. 0-0 Bc5 6. c3 b5 7. Bb3 d6 8. d4 Bb6 9. h3 Bb7 10. Re1 0-0 0-1

[Event "FICGS class C 000025 email"]
[Site "FICGS email"]
[Date "2007.01.12"]
[Round "1"]
[White "Porkolab, Sandor"]
[Black "Jameson, Robert"]
[Result "1-0"]
[WhiteElo "2000"]
[BlackElo "1700"]
[PlyCount "41"]
[EventDate "2007.??.??"]
[EventType "tourn (corr)"]
[EventRounds "4"]
[SourceTitle "Corr 2022"]
[Source "ChessBase"]
[SourceDate "2021.10.24"]
[SourceVersion "1"]
[SourceVersionDate "2021.10.24"]
[SourceQuality "1"]

1. e4 e5 2. d4 exd4 3. Qxd4 Nc6 4. Qe3 Nf6 5. Nc3 Bb4 6. Bd2 0-0 7. 0-0-0 Re8 8. Bc4 d6 9. f3 Na5 10. Bd3 d5 11. Nce2 Nc6 12. Bxb4 Nxb4 13. a3 dxe4 14. fxe4 Nxd3+ 15. cxd3 Be6 16. Nc3 Rc8 17. Nge2 c5 18. Kb1 b5 19. Nxb5 Rb8 20. Nbc3 Qa5 21. Ka1 1-0

[Event "IECG OP.2007.0.00220 email"]
[Site "IECG email"]
[Date "2007.01.07"]
[Round "?"]
[White "Udvari, Norbert"]
[Black "Jameson, Robert"]
[Result "1/2-1/2"]
[WhiteElo "800"]
[BlackElo "2000"]
[PlyCount "75"]
[EventDate "2007.01.07"]
[EventType "tourn (corr)"]
[EventRounds "6"]
[SourceTitle "Corr 2008"]
[Source "ChessBase"]
[SourceDate "2008.06.24"]
[SourceVersion "1"]
[SourceVersionDate "2008.06.24"]
[SourceQuality "1"]

1. e4 e5 2. f4 exf4 3. Nf3 d5 4. exd5 Nf6 5. Bc4 Nxd5 6. 0-0 Be7 7. d4 Be6 8. Bb3 0-0 9. c4 Ne3 10. Bxe3 fxe3 11. Qd3 Bg4 12. Nc3 Nc6 13. Nd5 Bf6 14. Bc2 g6 15. Qxe3 Bxf3 16. Nxf6+ Qxf6 17. Rad1 Bxd1 18. Rxf6 Bxc2 19. Qc3 Be4 20. d5 Nb8 21. Qb4 Nd7 22. Rf4 f5 23. Qxb7 Rfc8 24. Qc6 Ne5 25. Qe6+ Nf7 26. Qc6 Rd8 27. b3 Rac8 28. Rf2 Re8 29. Rd2 f4 30. Re2 g5 31. Qd7 Ne5 32. Qh3 g4 33. Qc3 Nd3 34. Rxe4 Rxe4 35. Qxd3 Rce8 36. Qd2 Re3 37. c5 g3 38. hxg3 1/2-1/2